000 00525nam a2200193Ia 4500
005 20260120130723.0
008 008 260114s9999 xx 000 0 eng d
020 _a9780191673955
037 _aEBOOK
040 _aCRL
_beng
_cCRL
041 _aeng
_2eng
084 _qCRL
100 _aJohnson
_9918404
245 0 _aShakespeare and South Africa
260 _bOxford University PressOxford University Press
_c2011
856 _uhttps://academic.oup.com/book/9756
942 _cEBOOK
999 _c1510309
_d1510309